[Event "FIDE World Cup 2017"]
[Site "Tbilisi"]
[Date "2017.09.08"]
[Round "2.6"]
[White "Artemiev, Vladislav"]
[Black "Radjabov, Teimour"]
[Result "1-0"]
[WhiteElo "2692"]
[BlackElo "2742"]
[Annotator "TA"]
[PlyCount "123"]
[EventDate "2017.??.??"]
[EventType "k.o."]
[EventCountry "GEO"]
[SourceTitle "playchess.com"]
[Source "ChessBase"]
[SourceQuality "1"]

{[%evp 9,123,16,19,-15,11,13,16,12,19,1,72,56,72,34,56,43,46,38,39,30,28,21,30,35,26,0,0,0,-7,-32,-35,-49,0,-52,-2,-10,-5,-9,-12,-16,-14,-68,0,0,0,0,0,0,0,0,3,3,8,0,0,0,0,0,12,0,0,0,0,0,0,0,0,0,5,5,8,0,7,7,10,10,33,14,47,40,277,277,249,202,311,348,345,326,347,341,353,333,332,308,345,319,752,729,1249,1219,1219,1129,449,418,1577,1512,1453,817,10311,7160,29948,29951,1853,7475,5518,5043]} 1. d4 Nf6 2. Bg5 d5 3. Nd2 c6 4. e3 Bg4 (4... Bf5 5. c4 Nbd7 6. Ngf3 e6 7. Qb3 Qb6 8. c5 Qc7 9. Bd3 Bxd3 10. Qxd3 b6 11. b4 a5 12. cxb6 Qxb6 13. bxa5 Rxa5 {½-½ (57) Andreikin,D (2712)-Wojtaszek,R (2736) Dortmund 2017}) 5. Ngf3 Nbd7 {LiveBook: 6 Games} 6. c4 {D00: 1 d4 d5: Unusual lines} e6 7. Bd3 $146 ({Find the theoretical novelty and annotate with similar games:} 7. Qb3 Qb6 8. c5 Qxb3 9. axb3 a6 10. b4 Bxf3 11. Nxf3 Rc8 12. Bd3 {0-1 (49) Bogosavljevic,B (2531)-Vukic,M (2398) Novi Sad 2012}) 7... Be7 8. Qb3 {The position is equal.} Qb6 9. Qc2 (9. c5 $5 {[%cal Rc5b6]} Qxb3 10. Nxb3 $11) 9... Bh5 (9... Bxf3 $11 {remains equal.} 10. Nxf3 dxc4 11. Qxc4 Bb4+ 12. Ke2 Bd6) 10. O-O Bg6 11. c5 Qd8 12. b4 Bxd3 13. Qxd3 O-O 14. b5 Rc8 15. bxc6 Rxc6 16. Qb5 {Hoping for Rab1.} Qc7 17. Nb3 {Strongly threatening Bf4.} a6 $1 {[%cal Ra6b5]} 18. Qa4 {Bf4 is the strong threat.} b6 $1 19. Rfc1 Rc8 $1 (19... bxc5 $6 {[#]} 20. Ne5 $1 $16 {[%mdl 512]}) 20. Bf4 Qa7 {[%cal Rb6c5]} (20... Qd8 {with more complications.} 21. cxb6 Qxb6 22. Rxc6 Rxc6 23. Bg5 Rc4) 21. cxb6 (21. Bd6 $11 Bxd6 22. cxd6) 21... Rxc1+ 22. Rxc1 Rxc1+ 23. Nxc1 Qxb6 24. Nb3 Qb5 25. Qa5 (25. Qxb5 $11 axb5 26. Nfd2) 25... Qc4 ({Black should play} 25... Ne4 $15 26. Qc7 Bb4) 26. Qc7 $11 Qxc7 27. Bxc7 Ne4 28. Ba5 Nb8 29. Ne5 f6 30. Nd3 Kf7 31. f3 Nd6 32. Kf2 Nc4 33. Bc3 Nd7 34. e4 Bd6 35. Bb4 Bc7 ({But not} 35... Bxh2 $6 36. g3 $16) 36. h3 a5 37. Bc3 Ke7 38. g4 Bb6 39. Ke2 Bc7 40. Be1 (40. Nd2 $5 {[%cal Rd2c4]}) 40... Kf7 41. Ndc5 Nxc5 (41... Nb8 {looks sharper.} 42. Na4 Nc6 43. exd5 exd5 44. Nc3 Ne7) 42. dxc5 dxe4 43. fxe4 {[%mdl 4096] Endgame KBN-KBN} Ke7 44. Bc3 Kd7 $2 {[#]} (44... a4 $14) 45. Kd3 $18 Na3 46. Bxa5 Be5 (46... Bxa5 {was called for.} 47. Nxa5 e5) 47. Bb4 Nb5 48. a4 Na7 49. Bc3 Bb8 50. Nd4 Nc6 51. Nf3 Bf4 52. Kc4 Kc7 $2 (52... Bc7 53. Kb5 Na7+ 54. Ka6 Nc6) 53. Nd4 Nxd4 54. Bxd4 {KB-KB} ({Less strong is} 54. Kxd4 Kc6 $16) 54... Kc6 55. a5 Bb8 56. a6 Ba7 (56... e5 $142) 57. e5 fxe5 58. Bxe5 g6 59. Bd6 e5 60. Bxe5 Bxc5 61. Bd4 Be7 62. Be3 {Precision: White = 61%, Black = 35%.} 1-0

[Event "FIDE World Cup 2017"]
[Site "Tbilisi"]
[Date "2017.09.08"]
[Round "2.6"]
[White "Lenic, Luka"]
[Black "Caruana, Fabiano"]
[Result "0-1"]
[WhiteElo "2646"]
[BlackElo "2799"]
[Annotator "TA"]
[PlyCount "78"]
[EventDate "2017.??.??"]
[EventType "k.o."]
[EventCountry "GEO"]
[SourceTitle "playchess.com"]
[Source "ChessBase"]
[SourceQuality "1"]

{[%evp 19,78,-19,0,-18,0,-4,0,0,5,0,41,33,22,9,1,0,0,0,0,0,17,0,0,3,2,-29,-29,-31,-30,-33,-32,-29,-24,-37,-17,-16,-20,-14,-17,-18,0,0,-15,-9,-8,-37,-4,-4,0,-39,-29,-56,-37,-89,-37,-39,-39,-368,-355,-551,-551]} 1. Nf3 d5 2. g3 g6 3. Bg2 Bg7 4. O-O e5 5. d3 Ne7 6. Nbd2 O-O 7. e4 Nbc6 8. c3 a5 9. Qc2 {A07: Réti Opening: New York and Capablanca Systems} (9. Re1 h6 10. exd5 Nxd5 11. Nc4 Re8 12. a4 Bf5 13. Nh4 Be6 14. Nf3 Bf5 15. h3 Nb6 16. Nxb6 cxb6 17. Be3 Bxd3 18. Bxb6 Qxb6 19. Qxd3 Qxb2 20. Rab1 e4 21. Rxe4 Qxc3 22. Rxe8+ Rxe8 23. Qxc3 Bxc3 24. Rxb7 Ne5 25. Nxe5 Rxe5 26. Bf1 {½-½ (26) Kramnik,V (2783)-Anand,V (2797) Zuerich 2015}) 9... h6 10. b3 Be6 {LiveBook: 4 Games} 11. a3 {The position is equal.} Qd7 12. Bb2 dxe4 13. dxe4 Nc8 $146 ({Find the theoretical novelty and annotate with similar games:} 13... Bh3 14. Nc4 Bxg2 15. Kxg2 {0-1 (40) Novikov,S (2545)-Lalic,B (2495) Pardubice 2012}) 14. Rfd1 Qe7 15. a4 Rd8 16. Nf1 Nb6 17. Ne3 Rxd1+ 18. Rxd1 Rd8 19. Ra1 Bf8 20. h4 Qd7 21. Rd1 Qe8 22. Re1 Bc5 23. Bc1 f6 24. Nd5 Nxd5 25. exd5 Bxd5 26. Bxh6 Qf7 27. Nd2 Kh7 28. Be3 $1 {[%cal Re3c5]} Bxe3 29. Rxe3 Bxg2 30. Kxg2 Qd5+ 31. Nf3 Kg7 32. b4 axb4 33. cxb4 Rd7 34. Qc3 Nd4 35. a5 c6 $36 {[%mdl 2048] Black is more active.} 36. Kg1 (36. Re1 $15) 36... Nf5 (36... Kf7 $17) 37. Re2 $15 Qd3 38. Rc2 $2 {[%mdl 8192] [#]} ({White should try} 38. Qxd3 $15 Rxd3 39. Kg2) 38... Qd1+ $1 $19 39. Ne1 (39. Kh2 {is the only way for White.} Rd3 40. Rd2 Rxc3 41. Rxd1 Rxf3 42. Rd7+ Kh6 43. Kg2) 39... Nd4 {Precision: White = 39%, Black = 59%.} 0-1

[Event "FIDE World Cup 2017"]
[Site "Tbilisi"]
[Date "2017.09.08"]
[Round "2.7"]
[White "Andreikin, Dmitry"]
[Black "Matlakov, Maxim"]
[Result "0-1"]
[WhiteElo "2708"]
[BlackElo "2728"]
[Annotator "TA"]
[PlyCount "170"]
[EventDate "2017.??.??"]
[EventType "k.o."]
[EventCountry "GEO"]
[SourceTitle "playchess.com"]
[Source "ChessBase"]
[SourceQuality "1"]

{[%evp 22,170,8,0,7,5,0,-16,0,0,5,0,0,0,10,1,9,14,17,0,0,0,8,0,0,-41,0,-31,-27,-18,0,-8,-4,-27,-36,-23,12,11,9,4,4,8,29,35,30,26,108,89,95,71,112,0,1,28,83,93,128,146,221,233,456,452,565,554,544,524,458,307,312,341,349,347,358,324,290,237,541,533,448,369,376,367,266,163,268,34,106,54,65,-119,-119,-156,-68,-306,-199,-3962,-3716,-1537,-1496,-828,-82,-29969,-29970,-29969,-29971,-29971,-29972,-29970,-29971,-29981,-29982,-29982,-5567,-5298,-5293,-4923,-4930,-4172,-1664,-1026,-917,-29994,-29968,-29967,-29968,-29968,-29967,-29970,-29966,-29966,-29964,-29964,-29964,-29967,-29967,-29967,-29968,-29962,-5079,-5052,-4633,-4633,-4626,-4618,-4618,-4618,-4618,-29977,-29977,-29990,-29991]} 1. e4 e5 2. Nf3 Nc6 3. Bb5 a6 4. Ba4 Nf6 5. O-O Be7 6. Bxc6 dxc6 7. d3 Nd7 8. Nbd2 O-O 9. Nc4 f6 10. Nh4 Re8 {C85: Closed Ruy Lopez: Deferred Exchange Variation} 11. Nf5 Bf8 12. f4 {LiveBook: 5 Games} exf4 {The position is equal.} 13. Bxf4 Nc5 {[%cal Bd7c5,Bc5e6,Be6d4][%mdl 32] [#]} 14. Qg4 $146 ({Predecessor:} 14. Nce3 Ne6 15. Bg3 Nd4 16. Kh1 Nxf5 17. Nxf5 Be6 18. b3 {1-0 (57) Ivanchuk,V (2747)-Matlakov,M (2694) Doha 2016}) 14... Bxf5 15. Qxf5 Ne6 16. Be3 b5 17. Na5 $1 c5 18. a4 Nd4 19. Qf2 $1 Ne6 20. Qf5 Nd4 21. Qf2 Ne6 {[#]} 22. e5 $1 {[%mdl 512]} fxe5 23. Qf3 Qd7 24. Qe4 (24. Nc6 $5 {[%cal Rc6e5]} e4 25. Qxe4 $11) 24... Nd4 25. Rf2 $1 c4 26. dxc4 Bb4 27. Bxd4 exd4 28. Qc6 Qe7 29. Qd5+ Qe6 $132 {[%mdl 2048] Black is not keeping still} 30. Nc6 Qxd5 31. cxd5 Bc5 (31... Bd6 {seems wilder.} 32. g3 bxa4 33. Rxa4 Bc5 34. b4 Bb6) 32. b4 Bd6 33. g3 Rf8 (33... bxa4 $11 34. Rxa4 Re4) 34. axb5 ({Much worse is} 34. Nxd4 $6 Rxf2 35. Kxf2 Bxb4 $11) 34... axb5 35. Ra5 Rae8 36. Rxb5 ({Better is} 36. Rxf8+ $16 Kxf8 37. Kf2 (37. Rxb5 d3 $16) (37. Nxd4 Re4 $16)) 36... Re1+ $1 $11 37. Kg2 Rxf2+ (37... Rd1 $1 $11) 38. Kxf2 {[%mdl 4096] Endgame KRB-KRN} Rc1 39. Nxd4 Be5 (39... Kf7 $16 {was worth a try.} 40. Kf3 Kf6) 40. Ke3 $18 Re1+ $2 (40... h5 {was called for.} 41. Nf3 Bd6) 41. Kd2 Rf1 42. Nc6 Bd6 43. c4 Rf2+ 44. Kd3 Rxh2 45. c5 Bxg3 46. Rb7 h5 47. Ne7+ Kh7 {[#]} 48. d6 $1 {[%mdl 512]} cxd6 $2 (48... Bxd6 49. cxd6 cxd6) 49. c6 {Threatens to win with c7.} d5 50. Nf5 Be5 {intending ...Rh3+.} 51. Re7 Rh3+ 52. Ke2 Bf6 (52... Rh2+ $142 53. Kd3 Rh3+ 54. Ne3 Bd6) 53. Rd7 $2 (53. b5 $18 Rc3 54. c7 Bxe7 55. b6) 53... h4 ({Black should play} 53... Rc3 $14) 54. b5 ({Less strong is} 54. Rxd5 Rc3 $18) (54. c7 $16 Rc3 55. Ne3) 54... Rc3 $14 {Black wants to play ...h3.} 55. c7 $2 (55. Nxg7 $14 {keeps the upper hand.} Bxg7 56. c7) 55... h3 $17 {[%cal Bh4h3,Bh3h2][%mdl 32]} 56. Rxd5 {[#]} Rxc7 (56... h2 $1 $17 {[%cal Rh2h1]} 57. Rd1 Rxc7) 57. Rd3 $2 (57. Ne3 $15) 57... Rc2+ 58. Kf1 $2 (58. Kd1 Rc3 59. Rxc3 Bxc3 60. Ke2) 58... h2 $19 {[%cal Rh2h1]} 59. Rh3+ Kg6 60. Ne3 Rb2 $2 (60... Rc3 $19 {is more deadly.} 61. Kg2 Bg5 62. Rxh2 Rxe3) 61. Ng4 $2 {[%mdl 8192]} (61. Nc4 $17 Rc2 62. Ne3) 61... Rb1+ 62. Kg2 Rg1+ 63. Kxh2 Rxg4 {KRB-KR} 64. Rb3 Be5+ 65. Kh3 Kf5 66. b6 Rd4 (66... g5 $142 67. b7 Rg1 68. Rf3+ Kg6 69. b8=Q g4+ 70. Kh4 Bxb8 71. Rf8 Bg3+ 72. Kxg4 Bd6+ 73. Kf3 Rf1+ 74. Ke4 Re1+ 75. Kd4 Bxf8 76. Kc3 Kf6 77. Kc4 Ke5 78. Kd3 Kd5 79. Kc3 Re3+ 80. Kd2 Kd4 81. Kc2 Bb4 82. Kb2 Re2+ 83. Kc1 Kc3 84. Kd1 Re3 85. Kc1 Re1#) 67. b7 Rd8 68. Rf3+ Bf4 69. Rb3 g5 {[%cal Bg7g5,Bg5g4][%mdl 32]} 70. Rb5+ Be5 71. Rb6 g4+ 72. Kg2 Rd2+ 73. Kf1 Bb8 74. Rb5+ Ke4 75. Rb4+ Kf3 {[%cal Rd2d1]} 76. Rb3+ {[#]} Kf4 $1 77. Rb4+ Kg3 78. Rb3+ Kh2 79. Rb4 Rd1+ (79... Kh3 $142 80. Rb6 g3 81. Rh6+ Kg4 82. Rg6+ Kf3 83. Rf6+ Kg4 84. Rg6+ Kf3 85. Rf6+ Ke4 86. Re6+ Kd5 87. Rg6 Rb2 88. Rg8 Bf4 89. Rg7 Ke4 90. Ke1 Kf3 91. Kd1 g2 92. b8=Q Bxb8 93. Kc1 Bf4+ 94. Kxb2 Be5+ 95. Ka3 Bxg7 96. Ka4 g1=Q 97. Kb5 Qc1 98. Kb6 Qc4 99. Kb7 Be5 100. Kb6 Qd5 101. Ka6 Qc6+ 102. Ka7 Qb5 103. Ka8 Qb8#) 80. Ke2 Rg1 81. Rd4 Rg2+ 82. Kd3 Kg3 83. Rd8 Bf4 {( -> ...Rd2+)} 84. Rf8 Rb2 85. Rxf4 Kxf4 {Precision: White = 39%, Black = 46%.} 0-1

[Event "FIDE World Cup 2017"]
[Site "Tbilisi"]
[Date "2017.09.08"]
[Round "2.7"]
[White "Artemiev, Vladislav"]
[Black "Radjabov, Teimour"]
[Result "1-0"]
[WhiteElo "2692"]
[BlackElo "2742"]
[Annotator "TA"]
[PlyCount "55"]
[EventDate "2017.??.??"]
[EventType "k.o."]
[EventCountry "GEO"]
[SourceTitle "playchess.com"]
[Source "ChessBase"]
[SourceQuality "1"]

{[%evp 12,55,6,9,9,0,0,0,16,20,20,13,16,24,38,41,52,47,54,41,46,25,56,58,61,60,60,4,3,6,10,0,0,-22,-20,-17,237,67,252,227,379,363,363,366,29995,29996]} 1. d4 d5 2. Bf4 e6 3. e3 Bd6 4. Nf3 Nf6 5. Nbd2 O-O 6. c3 {D02: 1 d4 d5 2 Nf3 sidelines, including 2...Nf6 3 g3 and 2...Nf6 3 Bf4} (6. Bxd6 Qxd6 7. c4 c5 8. dxc5 Qxc5 9. cxd5 Qxd5 10. Bc4 Qd6 11. O-O Bd7 12. Be2 Bc6 13. Nc4 Qe7 {½-½ (29) Carlsen,M (2832)-Anand,V (2786) Leuven 2017}) 6... b6 7. Bd3 {LiveBook: 3 Games} Bb7 8. a4 $146 {The position is equal.} ({Predecessor:} 8. Ne5 Nbd7 9. Qf3 Bxe5 10. Bxe5 Nxe5 11. dxe5 Nd7 12. Qh3 g6 13. f4 {1-0 (36) Maksimenko,V (2312)-Khlichkova,T (2254) Karaganda 2016}) 8... c5 9. a5 Qc7 10. Bxd6 Qxd6 11. Ne5 c4 12. Bc2 b5 13. f4 Nbd7 14. Qf3 b4 15. g4 {[%cal Bg2g4,Bg4g5][%mdl 32]} Rab8 16. g5 Ne8 17. Qh3 {[%csl Gc2][%cal Rh3h7]} g6 $1 18. Ndf3 $40 {[%mdl 128] Black needs to defend precisely.} Bc8 19. Ba4 (19. Ng4 $14) 19... bxc3 $11 20. bxc3 Rb2 21. Ng4 f5 22. Nge5 Nxe5 23. Nxe5 Nc7 $2 {[%mdl 8192] [#]} (23... Qc7 $11 {and Black stays safe.}) 24. O-O $2 (24. Qf3 $1 $18) 24... a6 $2 {[#]} ({Black should try} 24... Ne8 $14) 25. Qh6 $1 $18 {Threatens to win with Nxg6!} Rd8 $2 (25... Qe7 {keeps fighting.} 26. Rf2 Rxf2 27. Kxf2 Ne8) 26. Nxg6 hxg6 27. Qxg6+ Kh8 $2 (27... Kf8 $18 28. Qf6+ Kg8) 28. Rf3 {Precision: White = 58%, Black = 32%.} 1-0

[Event "FIDE World Cup 2017"]
[Site "Tbilisi"]
[Date "2017.09.08"]
[Round "2.8"]
[White "Radjabov, Teimour"]
[Black "Artemiev, Vladislav"]
[Result "1/2-1/2"]
[WhiteElo "2742"]
[BlackElo "2692"]
[Annotator "TA"]
[PlyCount "98"]
[EventDate "2017.??.??"]
[EventType "k.o."]
[EventCountry "GEO"]
[SourceTitle "playchess.com"]
[Source "ChessBase"]
[SourceQuality "1"]

{[%evp 16,98,65,56,79,67,65,68,100,60,69,47,59,50,52,43,59,41,45,45,53,4,45,8,20,18,70,72,82,58,45,79,67,37,43,42,114,13,8,-35,-17,-11,-11,-20,-16,-20,21,-36,0,0,28,0,0,0,0,-1,0,-34,0,-100,-47,-80,-68,-484,-494,-492,-471,-469,-471,-436,-429,-548,-549,-609,-456,-660,-649,-821,-811,-786,0,-698,0,-702,0]} 1. e4 c5 2. Nf3 a6 3. c4 e6 4. Nc3 Qc7 5. d4 cxd4 6. Nxd4 Nf6 7. Be3 b6 {B41: Sicilian: Kan Variation: 5 c4} (7... Bb4 8. Bd3 Nc6 9. Nxc6 bxc6 10. O-O O-O 11. c5 d5 12. cxd6 Bxd6 13. h3 c5 14. Rc1 Bb7 15. Qe2 Rfc8 16. b3 {½-½ (46) Wojtaszek,R (2729)-Bartel,M (2640) Poland 2016}) 8. Rc1 Bb7 9. f3 {LiveBook: 7 Games} Bd6 {White is slightly better.} 10. g3 h5 11. Qd2 Be7 12. Be2 d6 13. O-O Nbd7 14. Qe1 $146 ({Find the theoretical novelty and annotate with similar games:} 14. b4 Rc8 15. Rfe1 Qb8 16. Bf1 {½-½ (51) Wierzbicka,W (2033)-Dudas,E (2108) Herceg Novi 2008}) 14... O-O 15. Qf2 Ne5 16. Rfd1 Rac8 17. b3 Qb8 18. Rc2 Rc7 19. Rdc1 Rfc8 20. h3 d5 (20... Ng6 $11) 21. f4 $1 $14 {[%cal Rf4e5]} Ned7 {[%cal Rd5c4] [#]} 22. e5 $1 {[%cal Re5f6]} Ne4 23. Nxe4 dxe4 24. Bxh5 Nc5 {With the idea ...Nd3.} 25. Qe2 {Black must now prevent f5.} Nd3 {[#]} (25... Rf8 $1 $14) 26. Rf1 (26. Nxe6 $1 $16 Nxc1 27. Rxc1) 26... Bc5 $11 27. Rd2 Rd7 (27... b5 $5) 28. Nc2 b5 29. Bxc5 Rxc5 30. Ne3 Qd8 31. Rdd1 (31. Rfd1 $11) 31... Qb6 {[%mdl 1024] Black has compensation.} 32. Kh2 Rc8 33. h4 Rcd8 34. Bg4 Qa5 35. Kg1 Qc3 36. h5 bxc4 (36... Nb4 {keeps more tension.} 37. Rc1 Qd4 38. a3 Nd3 39. Rb1 bxc4 40. bxc4 Qc3) 37. bxc4 (37. Nxc4 $11 {remains equal.} Bd5 38. Ne3) 37... Nc5 (37... Bc6 $17) 38. Rxd7 $15 Rxd7 39. Rd1 $2 {[%mdl 8192]} (39. Qe1 $1 $15 Qa3 40. Qf2) 39... Rxd1+ $19 40. Nxd1 Qxg3+ 41. Qg2 Qxf4 42. Be2 Qxe5 43. Ne3 Qf4 44. Ng4 Kh7 45. h6 (45. Qf2 $142 Qc7 46. h6) 45... gxh6 46. Qh3 Qg5 47. Kf1 Qf4+ 48. Kg1 $1 Qg5 49. Kf1 $1 Qf4+ $2 {Precision: White = 39%, Black = 44%.} (49... f5 $19 50. Nf2 e3) 1/2-1/2

[Event "FIDE World Cup 2017"]
[Site "Tbilisi"]
[Date "2017.09.08"]
[Round "2.8"]
[White "Matlakov, Maxim"]
[Black "Andreikin, Dmitry"]
[Result "1-0"]
[WhiteElo "2728"]
[BlackElo "2708"]
[Annotator "TA"]
[PlyCount "85"]
[EventDate "2017.??.??"]
[EventType "k.o."]
[EventCountry "GEO"]
[SourceTitle "playchess.com"]
[Source "ChessBase"]
[SourceQuality "1"]

{[%evp 16,85,27,20,63,54,59,50,85,15,18,18,47,54,47,-6,47,-25,-27,-104,-34,-137,-89,-100,0,0,0,0,0,0,0,0,0,0,0,0,0,-85,-79,-332,83,92,87,87,81,68,77,74,83,81,79,60,84,44,47,0,75,46,152,143,220,209,272,269,529,392,1248,1248,1009,979,29996,29997]} 1. d4 g6 2. c4 Bg7 3. Nc3 d6 4. e4 e5 5. Nge2 Nc6 6. Be3 f5 7. exf5 {A42: Modern Defence: Averbakh Variation} Bxf5 8. dxe5 Nxe5 9. Nd4 {LiveBook: 7 Games. White has an edge.} Nf6 $146 {[%cal Bg8f6,Bf6g4,Bg4e3][%mdl 32]} ({Predecessor:} 9... Ne7 10. Be2 O-O 11. h3 Qd7 12. Qd2 a6 13. O-O c5 14. Nxf5 Nxf5 15. Rad1 {½-½ (67) Jugelt,T (2401)-Kurayan,R (2415) Paderborn 2014}) 10. Nxf5 gxf5 11. Be2 Nfg4 12. O-O (12. Bd4 $16) 12... Nxe3 $11 13. Bh5+ Kd7 14. fxe3 Qg5 15. Kh1 (15. Nd5 $14) 15... Rad8 ({Black should play} 15... c6 $11) 16. Bf3 ({Better is} 16. Nd5 $1 $14) 16... Kc8 17. Qa4 (17. Qb3 $11 c6 18. Ne2) 17... Kb8 ({But not} 17... Qxe3 $2 18. Nd5 $16) (17... Nxf3 $17 18. Rxf3 Bxc3 19. bxc3 Kb8) 18. Nb5 (18. Qb3 $15 Nxf3 19. Rxf3) 18... a6 19. Nd4 {Threatening Ne6.} Rhe8 (19... Nxf3 $17 20. Rxf3 Bxd4 21. exd4 Qd2) 20. Bd5 {aiming for Qb3.} (20. Qb4 $5 {[%cal Rb4b7]} Nxf3 21. Nc6+ Kc8 22. Na7+ (22. Nxd8 $2 Nxh2 23. Kxh2 Be5+ 24. Kg1 Qxe3+ 25. Rf2 Kxd8 $19) 22... Kb8 23. Nc6+ Kc8 24. Na7+ (24. Nxd8 $2 Nxh2 25. Qxb7+ Kxd8 $19) 24... Kb8 25. Nc6+ $11) 20... c6 21. Ne6 $40 {[%mdl 128] Black needs to defend precisely.} Rxe6 22. Bxe6 Ng4 $1 {[%cal Rg4e3]} 23. Rxf5 Qxe3 24. Qa5 Re8 $1 25. Re1 Qd4 {Strongly threatening ...Nf2+.} 26. Bd7 (26. Re2 $11 {keeps the balance.}) 26... Re5 $1 $17 {[%cal Re5a5]} 27. Rexe5 $4 {[%mdl 8192]} (27. c5 $17 {was the only defense.}) 27... Bxe5 $2 (27... dxe5 $19 28. Qe1 (28. Qd8+ $2 Ka7 $19) 28... Qxd7) 28. Rf8+ $16 Ka7 29. Bxg4 $1 Qxg4 {[%mdl 4096] Endgame KQR-KQB} 30. Qd2 Qxc4 {[#]} 31. b3 $1 {[%cal Rb3c4]} Qe4 {( -> ...Qb1+)} 32. Rf1 c5 33. Qf2 Kb6 34. Qf3 (34. Re1 {looks sharper.} Qd5 35. Qe2 Kc6 36. Rd1 Bd4 37. Rf1) 34... Qc2 $1 35. Qf2 Qg6 (35... Qe4 $11) 36. g3 h5 (36... Qd3 $1 $14) 37. Qf5 Qh6 {[#]} (37... Qe8 $16 {was worth a try.}) 38. Qe4 $1 $18 Qd2 39. Rf7 Qc1+ $2 (39... Ka5 {was necessary.} 40. Rxb7 Bd4) 40. Kg2 Qd2+ $2 (40... Qb2+ 41. Kh3 Qd4 42. Rxb7+ Ka5) 41. Kh3 Ka5 42. Rxb7 {[%csl Gb3][%cal Re4a4]} Bd4 43. Qc6 {Precision: White = 40%, Black = 33%.} 1-0